| 000 | 00728cam a2200253 i 4500 | ||
|---|---|---|---|
| 005 | 20131029055636.0 | ||
| 008 | 820319s1965 nyu 001 0 eng d | ||
| 020 | _a0442000081 | ||
| 041 | 0 | _aeng | |
| 080 | _a327.39 | ||
| 100 | 1 |
_aKohn, Hans, _d1891-1971. |
|
| 245 | 1 | 0 |
_aNationalism, its meaning and history / _cHans Kohn. |
| 250 | _aRev. ed. | ||
| 260 |
_aNew York : _bVan Nostrand _cc1965 _g(1981 printing) |
||
| 300 |
_a191 p. ; _c19 cm. |
||
| 490 | 1 | _aAn Anvil original | |
| 490 | 1 |
_aIdeas, ideals, and ideologies ; _v8 |
|
| 500 | _aPreface : f. 4 | ||
| 504 | _aBibliography: p. 185-187. | ||
| 650 | 0 | _aNacionalizmi | |
| 830 | 0 | _aAnvil original. | |
| 830 | 0 |
_aIdeas, ideals, and ideologies ; _v8. |
|
| 942 |
_2udc _cBK |
||
| 999 |
_c192 _d192 |
||